Normal view
MARC view
Entry Topical Term
001 - CONTROL NUMBER
- control field: 3473
003 - CONTROL NUMBER IDENTIFIER
- control field: BD-RjUL
005 - DATE AND TIME OF LATEST TRANSACTION
- control field: 20220607113455.0
008 - FIXED-LENGTH DATA ELEMENTS
- fixed length control field: 220607|| aca||aabn | a|a d
040 ## - CATALOGING SOURCE
- Original cataloging agency: BD-RjUL
- Transcribing agency: BD-RjUL
150 ## - HEADING--TOPICAL TERM
- Topical term or geographic name entry element: মুঘল ইতিহাস
- Form subdivision: ১৫২৬-১৭০৭ খ্রীষ্টাব্দ
670 ## - SOURCE DATA FOUND
- Source citation: Work cat.: (BD-RjUL)79931: আলম, এস এম শাহ্ 3472, মুঘল ইতিহাস চর্চার প্রকৃতি ও ধারা , ১৫২৬-১৭০৭ খ্রীষ্টাব্দ /, ২০০৪